00317nam a2200121 a 45000010005000000030005000050050017000100080041000270400026000681100031000942450029001252600041001545534CDMR20130730114954.0130130s2008||||||||||||||||||||||||||||d aCDMRbcatcCPC LLEIDA aFundació del Món Rural 0aRuralitat i immigració aLleidac2008bFundació Món Rural